000 00548nam a22002052 4500
001 0000023887
005 20151217154507.0
008 130412s xx 000 0 eng d
020 _a0198068263 :
040 _aKABU
_cKABU
100 1 _aKhanna, Raj.
_@0000183654
245 1 0 _aImmunology /
_cRaj Khanna.
250 _a1st ed.
260 _aOxford :
_bO. U. P.,
_c2011.
300 _axiv, 414 p.
650 0 _aImmunology.
_@0000075663
852 1 _9p2380 KES
908 _a130412
950 _@1
999 _c11498
_d11498